Statistiken für Fünf alphabetisch erste Staaten pro Kontinent

Klicken Sie hier um das Quiz zu spielen!

Allgemein

  • Dieses Quiz wurde 28.878 mal gespielt
  • Das Durchschnittsergebnis liegt bei 19 aus 30

Antwortstatistiken

KontinentLand% Korrekt
SüdamerikaArgentinien
90%
OzeanienAustralien
89%
EuropaAndorra
86%
EuropaBelgien
86%
EuropaAlbanien
84%
SüdamerikaBrasilien
83%
SüdamerikaChile
80%
AfrikaAlgerien
78%
SüdamerikaBolivien
77%
AsienArmenien
76%
AfrikaAngola
75%
AsienAserbaidschan
73%
AfrikaÄgypten
72%
AsienAfghanistan
62%
SüdamerikaEcuador
62%
NordamerikaAntigua und Barbuda
61%
OzeanienFidschi
59%
EuropaBelarus
58%
AfrikaÄthiopien
57%
NordamerikaBahamas
57%
NordamerikaBarbados
56%
NordamerikaBelize
55%
EuropaBosnien und Herzegowina
54%
NordamerikaCosta Rica
46%
OzeanienMikronesien
44%
AsienBangladesch
43%
AfrikaÄquatorial-Guinea
42%
AsienBahrain
41%
OzeanienMarshallinseln
40%
OzeanienKiribati
37%

Verteilung der Resultate

Perzentil nach korrekt beantworteten Fragen

Anzahl Personen mit jedem Resultat

Ihre Resultats-Entwicklung

Sie haben dieses Quiz noch nicht gespielt